• 首页
  • 本馆介绍
  • 公告通知
  • 最新文献
  • 馆藏检索
  • 电子资源
  • 读者导购
  • 参考咨询
  • 我的图书馆
  • 登录
  • 详细信息显示
  • 放入我的书架
  • 预约/预借图书
  • 作者相关作品
  • 分类相关作品
  • 丛书相关作品
  • 出版社相关作品

书目信息

  • 表格格式
  • 工作单格式
  • 卡片格式
题名:
闸控型季节性城市河流保护修复模式与技术
    
 
作者: 彭剑峰 , 宋永会 著
分册:  
出版信息: 北京   科学出版社  2021
页数: 133页
开本: 24cm
丛书名: 浑河中游水污染控制与水环境综合整治技术丛书
单 册:
中图分类: X143
科图分类:
主题词: 城市--河流环境--生态环境保护
电子资源:
ISBN: 978-7-03-070605-8
000 01080nam0 2200253 450
001 2235099158
005 20221008094513.81
010    @a978-7-03-070605-8@dCNY98.00
100    @a20220119d2021 em y0chiy50 ea
101 0  @achi
102    @aCN@b110000
105    @aab z 000yy
200 1  @a闸控型季节性城市河流保护修复模式与技术@9zha kong xing ji jie xing cheng shi he liu bao hu xiu fu mo shi yu ji shu@f彭剑峰,宋永会等著
210    @a北京@c科学出版社@d2021
215    @a133页@c图,地图@d24cm
225 1  @a浑河中游水污染控制与水环境综合整治技术丛书
330    @a本书以沈阳白塔堡河为研究对象,阐述了闸控型季节性缺水河流的水文水环境特征,探索了活水生态调度、滞水区藻类滋生阻控和湿地/滞留塘生态处理三类技术,以期为我国普遍存在的过度闸坝调控、季节性缺水城市河流整治提供模式和技术借鉴。
461  0 @12001 @a浑河中游水污染控制与水环境综合整治技术丛书
606 0  @a城市@x河流环境@x生态环境保护
690    @aX143@v5
701  0 @a彭剑峰@9peng jian feng@f(1977-)@4著
701  0 @a宋永会@9song yong hui@f(1967-)@4著
801  0 @aCN@b91MARC@c20220122
905    @aZUCC@dX143@e5
    
    闸控型季节性城市河流保护修复模式与技术/彭剑峰,宋永会等著.-北京:科学出版社,2021
    133页:图,地图;24cm.-(浑河中游水污染控制与水环境综合整治技术丛书)
    
    
    ISBN 978-7-03-070605-8:CNY98.00
    本书以沈阳白塔堡河为研究对象,阐述了闸控型季节性缺水河流的水文水环境特征,探索了活水生态调度、滞水区藻类滋生阻控和湿地/滞留塘生态处理三类技术,以期为我国普遍存在的过度闸坝调控、季节性缺水城市河流整治提供模式和技术借鉴。
●
相关链接 在五车中查询图书 在当当中查询图书 在豆瓣中查询图书


正题名:闸控型季节性城市河流保护修复模式与技术     索取号:X143/5         预约/预借

序号 登录号 条形码 馆藏地/架位号 状态 备注
1 2000912476   2000912476   第三书库/ [索取号:X143/5] 在馆    
2 2000912477   2000912477   第三书库/ [索取号:X143/5] 在馆    
3 2000912478   2000912478   第三书库/ [索取号:X143/5] 在馆    
山东省滨州职业学院图书馆 欢迎您!
大连网信软件有限公司© 版权所有